Представление документа в формате RUSMARC

Поле Инд. ПП Название Значение
Тип записи a
Библиографический уровень m
001 Контрольный номер 19566db5f7d14de8b26f6d9efd71e827
005 Дата корректировки 20181120154102.3
100 a Данные общей обработки 20180301 ||| 0rusy0189 ca
101 0_ a Язык текста rus
102 a Страна публикации RU
200 1_ a Заглавие № 5
210 1_ d Дата издания 2018
461 _0 1 2000
a Арбитражный и гражданский процесс
1 001d078de73cf204d2ebdc2573eda06ebc2
801 _0 a Страна RU
b Организация РГУП
c Дата составления 20180301
g Правила каталогизации PSBO
801 _1 a Страна RU
b Организация РГУП
c Дата составления 20180301
g Правила каталогизации PSBO
901 t Тип документа s
w Контрольный № источника d078de73cf204d2ebdc2573eda06ebc2
905 a Дата ввода 20180301